Statistics for Quick Country Rush

Click here to take the quiz!

General Stats

  • This quiz has been taken 44 times
  • The average score is 18 of 25

Answer Stats

QuestionTileSelect% Correct
CountriesMexicoYes
100%
CountriesArizonaNo
92%
CountriesKiribatiYes
92%
CountriesNiggeariaNo
92%
CountriesPoccNRNo
92%
CountriesRushaNo
92%
CountriesKiritimatiNo
88%
CountriesLesootoNo
88%
CountriesMarshall IslandsYes
88%
CountriesTawanNo
88%
CountriesAngolaYes
84%
CountriesFaroe IslandsNo
84%
CountriesMonacoYes
84%
CountriesSolmon IslandzNo
84%
CountriesGuamNo
80%
CountriesAlgeriaYes
76%
CountriesTogoYes
68%
CountriesChinaYes
64%
CountriesNigerYes
56%
CountriesBenInNo
52%
CountriesDenmarkYes
40%
CountriesAntigua and BarbudeNo
36%
CountriesMontengroNo
36%
CountriesLesothoYes
28%
CountriesRussiaYes
24%

Score Distribution

Percentile by Number Answered

Percent of People with Each Score

Your Score History

You have not taken this quiz